Psychológia tvorby cenových stratégií - cenová diferenciácia

Cenová politika a cenové stratégie. Základné otázky pri tvorbe cenovej stratégie. Prémiová cenová stratégia. Stratégia prenikania na trh. Stratégia vyčerpania trhu. Prieniková cenová stratégia. Cenová diferenciácia. Stratégia cenovo-politického vyrovnania. Stratégia založená na poskytovaní hodnoty s...

Ausführliche Beschreibung

Gespeichert in:
Bibliographische Detailangaben
1. Verfasser: Kufelová, Iveta, 1970-
Format: Buchkapitel
Sprache:Slowakisch
Schlagworte:
Tags: Tag hinzufügen
Keine Tags, Fügen Sie das erste Tag hinzu!

MARC

LEADER 00000nla$a2200000$$$4500
001 0084578
005 20240502071945.3
041 0 |a slo 
044 |a SK 
245 1 0 |a Psychológia tvorby cenových stratégií - cenová diferenciácia  |c Iveta Kufelová 
520 |a Cenová politika a cenové stratégie. Základné otázky pri tvorbe cenovej stratégie. Prémiová cenová stratégia. Stratégia prenikania na trh. Stratégia vyčerpania trhu. Prieniková cenová stratégia. Cenová diferenciácia. Stratégia cenovo-politického vyrovnania. Stratégia založená na poskytovaní hodnoty spotrebiteľovi. 
610 2 0 |a ceny 
610 2 0 |a politika cenová 
610 2 0 |a diferenciácia cenová 
610 2 0 |a vyrovnanie cenové 
610 2 0 |a trh 
610 2 0 |a hodnota 
610 2 0 |a spotrebitelia 
100 1 |a Kufelová, Iveta, 1970-